Statistics for Five Countries with Most Catholics by Continent

Click here to take the quiz!

General Stats

  • This quiz has been taken 1,513 times
    (633 since last reset)
  • The average score is 25 of 30

Answer Stats

sHintAnswer% Correct
North America100 mMexico
98%
North America73 mUnited States
97%
Europe46 mItaly
96%
South America132 mBrazil
95%
North America14 mCanada
95%
Europe32 mSpain
95%
Oceania5.3 mAustralia
94%
Europe38 mFrance
94%
South America28 mArgentina
93%
Oceania470,000New Zealand
92%
Asia9 mChina
91%
Asia16 mIndia
90%
South America36 mColombia
89%
Europe22 mGermany
88%
Africa24 mNigeria
88%
South America24 mPeru
88%
Asia85 mPhilippines
88%
Europe33 mPoland
87%
South America22 mVenezuela
86%
Africa45 mD.R.Congo
84%
North America6 mCuba
83%
Oceania80,401Fiji
82%
North America7 mGuatemala
81%
Oceania1.9 millPapua New Guinea
80%
Asia8.3 mIndonesia
79%
Oceania100,000Solomon Islands
69%
Africa18 mTanzania
62%
Africa16 mAngola
60%
Asia6.2 mVietnam
60%
Africa16 mUganda
55%

Score Distribution

Percentile by Number Answered

Percent of People with Each Score

Your Score History

You have not taken this quiz since the last reset